Discrete mathematics/ (Record no. 9550)

MARC details
000 -LEADER
fixed length control field 00584nam a22002057a 4500
003 - CONTROL NUMBER IDENTIFIER
control field OSt
005 - DATE AND TIME OF LATEST TRANSACTION
control field 20260421050029.0
008 - FIXED-LENGTH DATA ELEMENTS--GENERAL INFORMATION
fixed length control field 260421b |||||||| |||| 00| 0 eng d
020 ## - INTERNATIONAL STANDARD BOOK NUMBER
International Standard Book Number 981-4119-67-9
040 ## - CATALOGING SOURCE
Original cataloging agency DWC-Main lib.
Transcribing agency OC
082 ## - DEWEY DECIMAL CLASSIFICATION NUMBER
Classification number Circ. 510 W275d 2002
100 ## - MAIN ENTRY--PERSONAL NAME
Personal name Washburn, Sherwood
245 ## - TITLE STATEMENT
Title Discrete mathematics/
Statement of responsibility, etc. Sherwood Washburn
260 ## - PUBLICATION, DISTRIBUTION, ETC.
Place of publication, distribution, etc. Philippines :
Name of publisher, distributor, etc. Prentice-hall,
Date of publication, distribution, etc. c2002.
300 ## - PHYSICAL DESCRIPTION
Extent xvi 370, I-7 p. ;
Dimensions 24 cm.
504 ## - BIBLIOGRAPHY, ETC. NOTE
Bibliography, etc. note Include index.
700 ## - ADDED ENTRY--PERSONAL NAME
Personal name Marlowe, Thomas
700 ## - ADDED ENTRY--PERSONAL NAME
Personal name Ryan, Charles T.
942 ## - ADDED ENTRY ELEMENTS (KOHA)
Source of classification or shelving scheme Dewey Decimal Classification
Koha item type Book Circulation
Classification part Circ.
Suppress in OPAC No
952 ## - LOCATION AND ITEM INFORMATION (KOHA)
--
952 ## - LOCATION AND ITEM INFORMATION (KOHA)
--
952 ## - LOCATION AND ITEM INFORMATION (KOHA)
--
952 ## - LOCATION AND ITEM INFORMATION (KOHA)
--
Holdings
Withdrawn status Lost status Source of classification or shelving scheme Damaged status Not for loan Home library Current library Shelving location Date acquired Source of acquisition Cost, normal purchase price Total Checkouts Full call number Barcode Date last seen Copy number Price effective from Koha item type Uniform Resource Identifier
    Dewey Decimal Classification     College Library College Library Circulation 04/21/2026 School Fund 354.00   Circ. 510 W275d 2002 CL36535 04/21/2026 c1 04/21/2026 BK-CIRC
    Dewey Decimal Classification     College Library College Library Circulation 04/21/2026 School Fund 354.00   Circ. 510 W275d 2002 CL36536 04/21/2026 c2 04/21/2026 BK-CIRC
    Dewey Decimal Classification     College Library College Library Circulation 04/21/2026 School Fund 354.00   Circ. 510 W275d 2002 CL36909 04/21/2026 c3 04/21/2026 BK-CIRC
    Dewey Decimal Classification     College Library College Library Circulation 04/21/2026 School Fund 354.00   Circ. 510 W275d 2002 CL36911 04/21/2026 c4 04/21/2026 BK-CIRC